Southville International School and Colleges
Your cart is empty.
  • Cart
  • Lists
    Public lists Eva Luna New books Lux_list list_1
    Your lists Log in to create your own lists
  • Log in to your account
  • Your cookies
  • Search history
Southville International School and Colleges
  • Advanced search
  • Recent comments
  • Most popular
  • Libraries

Log in to your account

Log in with GOOGLE


If you do not have an external account, but do have a local account, you can still log in:

  1. Home
  2. MARC view: Consumer behavior /
Normal view MARC view ISBD view

Consumer behavior / (Record no. 14391)

[ view plain ]
MARC details
000 -LEADER
fixed length control field 00685nam a2200217 a 4500
003 - CONTROL NUMBER IDENTIFIER
control field PILC
005 - DATE AND TIME OF LATEST TRANSACTION
control field 20150112093431.0
008 - FIXED-LENGTH DATA ELEMENTS--GENERAL INFORMATION
fixed length control field 100720s19uu xx 00 eng d
020 ## - INTERNATIONAL STANDARD BOOK NUMBER
International Standard Book Number 013719501X
050 ## - LIBRARY OF CONGRESS CALL NUMBER
Classification number HF 5415.32
Item number .Sch35 1997
082 ## - DEWEY DECIMAL CLASSIFICATION NUMBER
Classification number MkSF 658.812
Item number Sch3 1997
100 ## - MAIN ENTRY--PERSONAL NAME
Personal name Schiffman, Leon G.
9 (RLIN) 11087
245 ## - TITLE STATEMENT
Title Consumer behavior /
Statement of responsibility, etc Schiffman, Leon G.; Kanuk, Leslie Lazar
250 ## - EDITION STATEMENT
Edition statement 6th ed.
260 ## - PUBLICATION, DISTRIBUTION, ETC. (IMPRINT)
Place of publication, distribution, etc New Jersey :
Name of publisher, distributor, etc Prentice-Hall, Inc,
Date of publication, distribution, etc 1997.
300 ## - PHYSICAL DESCRIPTION
Extent 672 pages :
Other physical details colored illustration ;
Dimensions 25 cm.
650 ## - SUBJECT ADDED ENTRY--TOPICAL TERM
Topical term or geographic name as entry element Consumer behavior
9 (RLIN) 11088
650 ## - SUBJECT ADDED ENTRY--TOPICAL TERM
Topical term or geographic name as entry element Motivation research - marketing
9 (RLIN) 11089
700 ## - ADDED ENTRY--PERSONAL NAME
Personal name Kanuk, Leslie Lazar
9 (RLIN) 11090
942 ## - ADDED ENTRY ELEMENTS (KOHA)
Source of classification or shelving scheme Library of Congress Classification
Koha item type Books
Holdings
Withdrawn status Lost status Source of classification or shelving scheme Damaged status Home library Current library Shelving location Date acquired Total Checkouts Full call number Barcode Date last seen Copy number Price effective from Koha item type Total Renewals Date checked out
    Library of Congress Classification   Southville International School Affiliated with Foreign Universities Library Southville International School Affiliated with Foreign Universities Library Southville Foreign University Section 08/15/2013   HF 5415.32 .S35 1999 SFU0878 05/15/2018 1 08/15/2013 Books    
    Library of Congress Classification   Southville International School Affiliated with Foreign Universities Library Southville International School Affiliated with Foreign Universities Library Southville Foreign University Section 08/28/2013 1 HF 5415.32 .Sch333 1997 SFU0874 06/06/2018 2 08/28/2013 Books 2 11/23/2015
    Library of Congress Classification   Southville International School Affiliated with Foreign Universities Library Southville International School Affiliated with Foreign Universities Library Southville Foreign University Section 09/02/2013   HF 5415.32 .Sch35 1997 SFU0875 05/15/2018 1 09/02/2013 Books    

Consumer behavior /

APA

Schiffman L. G., Kanuk L. L., . (1997). Consumer behavior. New Jersey: Prentice-Hall, Inc.

Chicago

Schiffman Leon G, Kanuk Leslie Lazar, . 1997. Consumer behavior. New Jersey: Prentice-Hall, Inc.

Harvard

Schiffman L. G., Kanuk L. L., . (1997). Consumer behavior. New Jersey: Prentice-Hall, Inc.

MLA

Schiffman Leon G, Kanuk Leslie Lazar, . Consumer behavior. New Jersey: Prentice-Hall, Inc. 1997.

  • Place hold
  • Print
  • Cite
  • Add to your cart (remove)
  • Save record
    BIBTEX Dublin Core MARCXML MARC (non-Unicode/MARC-8) MARC (Unicode/UTF-8) MARC (Unicode/UTF-8, Standard) MODS (XML) RIS
  • More searches
    Search for this title in:
    Other Libraries (WorldCat) Other Databases (Google Scholar) Online Stores (Bookfinder.com) Open Library (openlibrary.org)

Exporting to Dublin Core...

SOUTHVILLE LIBRARY

Southville International School and Colleges Library

1281 Tropical Ave. Cor. Luxembourg St., BF Homes International, Las Pinas City

Tel. No. 8256374 / 252358 Loc. 117/146

Powered by Koha